Normal view
MARC view
- JardineKLisa/Brotton،Jerry
Entry Personal Name
001 - CONTROL NUMBER
- control field: 2302
003 - CONTROL NUMBER IDENTIFIER
- control field: JO-AjAnu
005 - DATE AND TIME OF LATEST TRANSACTION
- control field: 20230606070700.0
008 - FIXED-LENGTH DATA ELEMENTS
- fixed length control field: 230606|| aca||aabn | a|a d
040 ## - CATALOGING SOURCE
- Original cataloging agency: JO-AjAnu
- Transcribing agency: JO-AjAnu
100 ## - HEADING--PERSONAL NAME
- Personal name: JardineKLisa/Brotton،Jerry
670 ## - SOURCE DATA FOUND
- Source citation: Work cat.: (JO-AjAnu)1204: JardineKLisa/Brotton،Jerry, author, Global Interests: Renaissance Art betweenEast and West